00761nam a22002537a 4500003001100000005001700011008004100028020001600069040003900085041000800124082001500132100002000147245004200167260006000209300001900269490005000288650001800338650001600356650000800372650001500380942000700395952009000402999001500492LK-CoMWRAF20240113162155.0231224b2002 |||||||| |||| 00| 0 eng d a 9990333416 aLK-CoMWRAFdLK-CoMWRAFeLK-CoMWRAF aeng a363.8bSHI a Shiva, Vandana aGlobalisation, food security, and war aPort Louis, Mauritius: bLedikasyon pu travayer,c2002 a54 p. ; 20 cm. aPublic lecture series = Konesans pu tu dimunn aGlobalization aFood supply aWar aMonopolies cBK 00104070aMAINbMAINd2023-12-24l0o363.8 SHIpRAF4613r2023-12-24w2023-12-24yBK c4553d4553